| 000 | 00724nac a22002171u 4500 | ||
|---|---|---|---|
| 020 | _a0749420030 : | ||
| 082 |
_a332.644 21 _bGUI |
||
| 090 |
_c9411 _d9411 |
||
| 100 | _a20080729 | ||
| 245 |
_aGuide to world commodity markets : physical, futures and options trading / _cconsultant editor John Buckley. |
||
| 250 | _a7th ed. | ||
| 260 |
_aGreat Britain : _bKogan Page, 1996. _cc1996. |
||
| 300 |
_axxi,619p. : _bill., 1 map ; _c25cm. |
||
| 500 | _aPrevious ed.: 1989. | ||
| 500 | _aIncludes index. | ||
| 500 | _aDistributer: Al-Ahram | ||
| 511 | _aCatalogued by: Sara | ||
| 650 | _aCommodity exchanges. | ||
| 700 |
_aBuckley, John _d1947- |
||
| 942 |
_cBB _k332.644GUI |
||
| 999 |
_c9411 _d9411 |
||